Aadmi Aur Insaan / (Record no. 45093)
[ view plain ]
| 000 -LEADER | |
|---|---|
| fixed length control field | 01258njm a22002777a 4500 |
| 005 - DATE AND TIME OF LATEST TRANSACTION | |
| control field | 20100910105558.0 |
| 008 - FIXED-LENGTH DATA ELEMENTS--GENERAL INFORMATION | |
| fixed length control field | 100910t xxu||||| |||| 00| 0 eng d |
| 028 ## - PUBLISHER NUMBER | |
| Publisher number | 3AEX.5237 |
| Source | ANGEL RECORDS |
| 035 ## - SYSTEM CONTROL NUMBER | |
| System control number | GR-01969 |
| 040 ## - CATALOGING SOURCE | |
| Original cataloging agency | SED |
| Transcribing agency | SED |
| 100 ## - MAIN ENTRY--PERSONAL NAME | |
| Personal name | Bhosle, Asha |
| 9 (RLIN) | 19365 |
| 245 ## - TITLE STATEMENT | |
| Title | Aadmi Aur Insaan / |
| Statement of responsibility, etc | by Asha Bhosle [and] Mahendra Kapoor; Music by Ravi; lyric by Sahir |
| Medium | [sound recording] : |
| 246 ## - VARYING FORM OF TITLE | |
| Title proper/short title | आदमी और इंसान / आशा भोसले |
| 260 ## - PUBLICATION, DISTRIBUTION, ETC. (IMPRINT) | |
| Place of publication, distribution, etc | Dum Dum, India : |
| Name of publisher, distributor, etc | Angel Records |
| Date of publication, distribution, etc | 1959 |
| 300 ## - PHYSICAL DESCRIPTION | |
| Extent | 1 sound disc [Gramophone Recording] : |
| Other physical details | analog, 33 1/3 rpm ; |
| Dimensions | 12.5 in. (LP) |
| Type of unit | Gramaphone Records |
| 500 ## - GENERAL NOTE | |
| General note | Brief record. |
| 505 ## - FORMATTED CONTENTS NOTE | |
| Formatted contents note | Side1 जिंदगी इत्तेफाक है इजाज़त हो (Jindagi Ittefaq Hai Ijazat Ho) Asha Bhosle, Side 2 जागे गा इंसान (Jaage Ga Insaan) Mahendra Kappor & Chorus] |
| 650 ## - SUBJECT ADDED ENTRY--TOPICAL TERM | |
| Source of heading or term | Excerpts. |
| Topical term or geographic name as entry element | Motion Picture Music |
| Topical term following geographic name as entry element | India |
| 9 (RLIN) | 19366 |
| 700 ## - ADDED ENTRY--PERSONAL NAME | |
| Personal name | Mahendra Kapoor |
| 9 (RLIN) | 19421 |
| 700 ## - ADDED ENTRY--PERSONAL NAME | |
| Personal name | Ravi |
| 9 (RLIN) | 19447 |
| 700 ## - ADDED ENTRY--PERSONAL NAME | |
| Personal name | Sahir |
| 9 (RLIN) | 19448 |
| 700 ## - ADDED ENTRY--PERSONAL NAME | |
| Personal name | Gulam Mohammad |
| 9 (RLIN) | 19422 |
| 700 ## - ADDED ENTRY--PERSONAL NAME | |
| Personal name | Shakeel Badayuni |
| 9 (RLIN) | 19423 |
| 942 ## - ADDED ENTRY ELEMENTS (KOHA) | |
| Source of classification or shelving scheme | Dewey Decimal Classification |
| Item type | Gramaphone Records |
| Withdrawn status | Lost status | Source of classification or shelving scheme | Damaged status | Not for loan | Collection code | Home library | Current library | Date acquired | Source of acquisition | Total Checkouts | Barcode | Date last seen | Copy number | Price effective from | Koha item type |
|---|---|---|---|---|---|---|---|---|---|---|---|---|---|---|---|
| Dewey Decimal Classification | Not For Loan | Non-fiction | Central Library | Central Library | 10/09/2010 | SED/VEN | GR-01969 | 10/09/2010 | 1 | 10/09/2010 | Gramaphone Records |
